| 000 | 00722nam a2200217Ii 4500 | ||
|---|---|---|---|
| 003 | JO-AjNU | ||
| 008 | 230605s9999||||xx |||||||||||||| ||und|| | ||
| 040 |
_aJO-AjNU _bara _erda _cJO-AjNU |
||
| 041 | _aara | ||
| 050 | 1 | 4 | _aJQ1825.J6.N5664 |
| 100 | 3 |
_a نقرش ، عبدالله , _eauthor _923080 |
|
| 245 | 0 | 0 | _aالتجربة الحزبية في الأردن |
| 250 | _aط1 | ||
| 264 | 3 | 1 | _aعمان : لجنة تاريخ الأردن ،1992 |
| 300 | _a125ص | ||
| 336 |
_atext _btxt _2rdacontent |
||
| 337 |
_aunmediated _bn _2rdamedia |
||
| 338 |
_avolume _bnc _2rdacarrier |
||
| 490 | 0 | _aسلسلة البحوث والدراسات المتخصصة | |
| 650 | 4 |
_aأحزاب سياسية -- الأردن _923081 |
|
| 999 |
_aA8294 _c11862 _d11862 |
||